ბათუმის შოთა რუსთაველის სახელმწიფო უნივერსიტეტის ბიბლიოთეკა

საზღვარგარეთის ქვეყნების კონსტიტუციები. ნაწ. 1 : (ბიბ.ჩანაწერი № 59374)

000 -ლიდერი
ფიქსირებული სიგრძის საკონტროლო ველი 01898nam a22002177a 4500
003 - საკონტროლო ნომრის იდენტიფიკატორი
საკონტროლო ველი Ge_BSU
005 - ბოლო ოპერაციის თარიღი და დრო
საკონტროლო ველი 20230201111053.0
008 - ფიქსირებული სიგრძის მონაცემთა ელემენტები - ზოგადი ინფორმაცია
ფიქსირებული სიგრძის საკონტროლო ველი 230201s2004 ge ||||| |||| 00| 0 geo d
020 ## - წიგნის საერთაშორისო სტანდარტული ნომერი
International Standard Book Number 9992808519
041 ## - ენის კოდი
Language code of text/sound track or separate title geo
080 ## - უნივერსალური ათობითი კლასიფიკაციის ინდექსი
Universal Decimal Classification number 342.4(100) ს-17
245 ## - ცნობა სათაურის შესახებ
Title საზღვარგარეთის ქვეყნების კონსტიტუციები. ნაწ. 1 :
Remainder of title [ამერიკის შეერთებული შტატები. არგენტინა. დანია. იაპონია. კუბის რესპუბლიკა. ლატვიის რესპუბლიკა. მაროკო. რუსეთის ფედერაცია, სომხეთის რესპუბლიკა. ქუვეითი. შვეიცარიის კონფედერაცია. ჩეხეთის რესპუბლიკა] /
Statement of responsibility, etc [შემდგ.: ვასილ გონაშვილი და სხვ. ; სარედ. კოლ.: ლ. ბეჟაშვილი და სხვ.] ; კავშირი "იურისტები სამართლ. სახელმწიფოსთვის".
264 ## - წარმოების, გამოცემის, დისტრიბუციის და სხვა ცნობები
გამოცემის, წარმოების, დისტრიბუციის... ადგილი თბილისი :
გამოცემის, წარმოების, დისტრიბუციის... სახელწოდება ქრონოგრაფი,
გამოცემის, წარმოების, დისტრიბუციის... თარიღი 2004.
300 ## - ფიზიკური აღწერა
Extent 536 გვ.;
Other physical details 25 სმ.
653 ## - INDEX TERM--UNCONTROLLED
Uncontrolled term საზღვარგარეთის ქვეყნების კონსტიტუციები
653 ## - INDEX TERM--UNCONTROLLED
Uncontrolled term სამართალი
700 ## - ADDED ENTRY--PERSONAL NAME
Personal name გონაშვილი, ვასილ
Relator term შემდგენელი, რედაქტორი.
9 (RLIN) 5321
700 ## - ADDED ENTRY--PERSONAL NAME
Personal name ბეჟაშვილი, ლ.,
Relator term რედაქტორი.
9 (RLIN) 16831
710 ## - ADDED ENTRY--CORPORATE NAME
Corporate name or jurisdiction name as entry element კავშირი "იურისტები სამართლებრივი სახელმწიფოსთვის".
9 (RLIN) 16832
942 ## - ADDED ENTRY ELEMENTS (KOHA)
Source of classification or shelving scheme
Koha item type წიგნი
ეგზემპლარები
ჩამოწერის სტატუსი დაკარგული ეგზემპლარის სტატუსი კლასიფიკაციის წყარო ან თაროზე გაწყობის სქემა დაზიანების სტატუსი არ გაიცემა მუდმივი მდებარეობა (დაცვის ადგილი) ამჟამინდელი ადგილსამყოფელი თაროზე განთავსების ადგილი შეძენის თარიღი ღირებულება, შესყიდვის ნორმალური ფასი სრული შენახვის შიფრი შტრიხკოდი ბოლო ოპერაციის თარიღი ეგზემპლარის მიმდევრობითი ნომერი (კეტერი?) ფასის ძალაში შესვლის თარიღი ეგზემპლარის სახეობა საჯარო შენიშვნა Uniform Resource Identifier
          ბათუმის შოთა რუსთაველის სახელმწიფო უნივერსიტეტის მთავარი ბიბლიოთეკა ბათუმის შოთა რუსთაველის სახელმწიფო უნივერსიტეტის მთავარი ბიბლიოთეკა წიგნსაცავი 2023-02-01 8.00 342.4(100) ს-17 63628 2023-02-01 63628 2023-02-01 წიგნი 8 ლ.  
          ბათუმის შოთა რუსთაველის სახელმწიფო უნივერსიტეტის მთავარი ბიბლიოთეკა ბათუმის შოთა რუსთაველის სახელმწიფო უნივერსიტეტის მთავარი ბიბლიოთეკა წიგნსაცავი 2026-02-02 8.00 342.4(100) ს-17 73655 2026-02-02 73655 2026-02-02 წიგნი 8.00 ნაჩუქარი